logo

Bir Sreshtho Munshi Abdur Rouf Library
Jhenaidah Cadet College

এক মুক্তিযোদ্ধার জীবনযাপন / (Record no. 12827)

MARC details
000 -LEADER
fixed length control field 00839nam a2200229 a 4500
001 - CONTROL NUMBER
JCCL Control Number 12827
003 - CONTROL NUMBER IDENTIFIER
JCCL marc code BD-JhCC
005 - DATE AND TIME OF LATEST TRANSACTION
control field 20230517102026.0
008 - FIXED-LENGTH DATA ELEMENTS--GENERAL INFORMATION
fixed length control field 230517s19971996b a|||| |||| 000 0 be d
035 ## - SYSTEM CONTROL NUMBER
system control number (BD-JhCC)17617
040 ## - CATALOGING SOURCE
Original cataloging agency BD-JhCC
Modifying agency BD-JhCC
041 ## - LANGUAGE CODE
Language code of Book ben
082 ## - DEWEY DECIMAL CLASSIFICATION NUMBER
Classification number 923.1
Author mark and Year SAP 1997
100 ## - MAIN ENTRY--PERSONAL NAME
Personal name স্বপন, শফিকুল ইসলাম
245 ## - TITLE STATEMENT
Title এক মুক্তিযোদ্ধার জীবনযাপন /
Statement of responsibility, etc শফিকুল ইসলাম স্বপন
250 ## - EDITION STATEMENT
Edition statement ২য় সংস্করণ,
260 ## - PUBLICATION, DISTRIBUTION, ETC. (IMPRINT)
Place of publication, distribution, etc ঢাকা :
Name of publisher, distributor, etc রে মিডিয়া হাউস,
Date of publication, distribution, etc ১৯৯৭
300 ## - PHYSICAL DESCRIPTION
Pagination ১৪০ পৃ. :
Other physical details চিত্রবলী সংযোজিত,
Dimensions ২১ সেমি.
650 ## - SUBJECT ADDED ENTRY--TOPICAL TERM
Topical term or geographic name as entry element Biography
650 ## - SUBJECT ADDED ENTRY--TOPICAL TERM
Topical term or geographic name as entry element Life style of Muktijoddha
942 ## - ADDED ENTRY ELEMENTS (KOHA)
Source of classification or shelving scheme Dewey Decimal Classification
Koha item type Books
Holdings
Source of classification or shelving scheme Damaged status Not for loan Home library Current library Shelving location Date of accession Source of acquisition Cost, normal purchase price Full call number Barcode Date last seen Copy number Method of acquisition Koha item type Currency
Dewey Decimal Classification     JCC Rouf Library JCC Rouf Library General Stacks 05/17/2023 Major General Md. Shafeenul Islam.ndc,psc 200.00 923.1 SAP 1997 17617 05/17/2023 C-1 Gift/Donation Books BDT

JCC Library | Contacts | JCC Home

Last Update on 23 September 2017
Copyright @ 2017-2020 JCC Rouf Library
Rouf Library, Jhenidah Cadet College (JCC), Bangladesh